O družstevnictví

Guardado en:
Detalles Bibliográficos
Autor principal: Lenin, Vladimir Il'jič
Formato: Libro
Lenguaje:checo
Publicado: Praha Svépomoc 1982
Etiquetas: Agregar Etiqueta
Sin Etiquetas, Sea el primero en etiquetar este registro!

MARC

LEADER 00000nam a2200000 4500
001 c114824
005 20251104113853.7
041 0 |a cze 
044 |a CZ 
245 1 0 |a O družstevnictví  |c Vladimir Il'jič Lenin ; [Z rus. orig. přel. Ivo Skřenek] 
264 1 |a Praha  |b Svépomoc  |c 1982 
300 |a 174 s. 
100 1 |a Lenin, Vladimir Il'jič